Let's roll /

Let's Roll explores the numerous ways that rolling can be used to increase strength, improve balance, and muscular imbalances. The video explains and demonstrates how to perform each of the techniques and how to incorporate these procedures in an engaging, effective manner.

Bibliographic Details
Corporate Authors: ECA World Fitness (Firm) (Screenwriter), Healthy Learning Videos (Producer)
Other Authors: Melani, Roberto E. (Speaker)
Format: Video
Language:English
Language Notes:This edition in English.
Published: Monterey, CA : Healthy Learning, 2009.
Series:Sports medicine and exercise science in video
Subjects:
Online Access:Connect to this streaming video (Alexander Street Press)

MARC

Tag First Indicator Second Indicator Subfields
LEADER 00000cgm a22000003a 4500
001 in00003750821
006 m|||||o||c||||||||
007 cr |na---||a|a
007 vz |zazu|
008 140324s2009 cau078 g o vleng d
005 20260324205326.2
035 |a (OCoLC)877953732 
035 |a ASP2159873/spex 
040 |a VaAlASP  |c VaAlASP  |d UtOrBLW 
050 4 |a RC1215  |b .L487 2009 
245 0 0 |a Let's roll /  |c written by ECA World Fitness Alliance ; presented by Roberto E. Melani ; produced by Healthy Learning. 
264 1 |a Monterey, CA :  |b Healthy Learning,  |c 2009. 
300 |a 1 online resource (78 min.). 
306 |a 011758 
336 |a two-dimensional moving image  |b tdi  |2 rdacontent 
337 |a computer  |b c  |2 rdamedia 
337 |a video  |b v  |2 rdamedia 
338 |a online resource  |b cr  |2 rdacarrier 
338 |a other  |b vz  |2 rdacarrier 
490 0 |a Sports medicine and exercise science in video 
500 |a Title from resource description page (viewed Mar. 24, 2014). 
520 |a Let's Roll explores the numerous ways that rolling can be used to increase strength, improve balance, and muscular imbalances. The video explains and demonstrates how to perform each of the techniques and how to incorporate these procedures in an engaging, effective manner. 
530 |a Previously released as DVD. 
546 |a This edition in English. 
500 |a Electronic resource. 
650 0 |a Exercise.  |0 http://id.loc.gov/authorities/subjects/sh85046328 
650 0 |a Muscle strength.  |0 http://id.loc.gov/authorities/subjects/sh85088685 
650 0 |a Equilibrium (Physiology)  |0 http://id.loc.gov/authorities/subjects/sh85044539 
650 0 |a Movement disorders.  |0 http://id.loc.gov/authorities/subjects/sh85088017 
655 7 |a Internet videos.  |2 lcgft  |0 http://id.loc.gov/authorities/genreForms/gf2011026337 
655 7 |a Filmed lectures.  |2 lcgft  |0 http://id.loc.gov/authorities/genreForms/gf2011026270 
655 7 |a Instructional films.  |2 lcgft  |0 http://id.loc.gov/authorities/genreForms/gf2011026333 
700 1 |a Melani, Roberto E.,  |e speaker. 
710 2 |a ECA World Fitness (Firm),  |e screenwriter.  |0 http://id.loc.gov/authorities/names/no2011118990 
710 2 |a Healthy Learning Videos,  |e producer.  |0 http://id.loc.gov/authorities/names/no99067685 
776 1 |c Original publisher catalog number  |o 827008779093 
856 4 0 |u http://proxy.library.tamu.edu/login?url=https://www.aspresolver.com/aspresolver.asp?SPEX;2159873  |z Connect to this streaming video (Alexander Street Press)  |t 0 
999 f f |s afbcf419-1285-328a-825d-b10d01c020d4  |i 861bda39-7168-37fb-9b6c-1a01776faadf  |t 0 
952 f f |a Texas A&M University  |b College Station  |c Electronic Resources  |s www_evans  |d Available Online  |t 0  |e RC1215 .L487 2009  |h Library of Congress classification 
998 f f |a RC1215 .L487 2009  |t 0  |l Available Online